| 000 | 00428nam a2200181Ia 4500 | ||
|---|---|---|---|
| 001 | 19101 | ||
| 005 | 20260306171719.0 | ||
| 008 | 260306s9999||||xx |||||||||||||| ||und|| | ||
| 041 | _aESP | ||
| 082 |
_a658.8 _bK77F 2017 |
||
| 100 |
_aKotler, Philip _eAUT |
||
| 245 | 0 | _aFundamentos de marketing | |
| 260 | _c2017 | ||
| 300 |
_axxix, 643 páginas : _c27 cm. |
||
| 650 | _aGEN | ||
| 654 | _aCAN | ||
| 942 |
_cLIB _dJUS _fJUS _2ddc _n |
||
| 999 |
_c19101 _d19101 |
||